000 00696nam a2200241Ia 4500
003 OSt
005 20220930071732.0
006 a|||||r|||| 00| 0
007 ta
008 220926b |||||||| |||| 00| 0 hin d
024 _a17997
037 _cTheses
040 _aCRL
_cCRL
_bhin
041 _2hin
_ahin
100 _aJagan K. Singh
_9528870
110 _aUniversity of Delhi. Faculty of Arts. Department of Hindi
245 0 _aAadhunik ke avdharna aur sumkalin hindi kahani 1950-1972
260 _c1976
650 _aHINDI LITERATURE
_923866
700 _aUniversity of Delhi. Faculty of Arts. Department of Hindi
942 _cDIS
_2CC
999 _c862755
_d862755